000 00899nas a2200253 4500
001 BR7701285
003 BR-BrBNA
005 20231205083121.0
007 ta
008 230509b bl.|||p| |||| 00| 00por d
040 _aBR-BrBNA
_bpor
_cBiblioteca Nacional de Agricultura
041 _a(Pt)
072 _aF60
100 1 _aAraujo, J.C. de
245 1 _aEfeito do estagio de crescimento e da altura de corte sobre a producao de materia seca, reservas de glicidios e nitrogenio total de cornichao (Lotus corniculatus L.)[Brasil]
_bResumo de tese
650 _aFisiologia vegetal
650 _aCornichao
650 _aGlicidio
650 _aNitrogenio
650 _aCrescimento
773 0 _tRevista da Faculdade de Agronomia da Universidade Federal do Rio Grande do Sul (Brazil)
_x
_g(1976), v. 1(2) p. 169-172
_wBR7701285
909 _a202311
_bLúcia
_c55
_dLúcia Elande
942 _2AGRIS
_n0
_cANA
999 _c96525
_d96525